Loading...
| History - World History | 3 | 3 | 0 | 1 | 75 | 55 | 80.17 | 5 | 6 |
| History - Other History | 1 | 5 | 0 | 0 | 65 | 53 | 92.33 | 5 | 6 |
| Science - Physics | 0 | 6 | 0 | 2 | 60 | 72 | 92.50 | 5 | 6 |
| History - American History | 0 | 5 | 0 | 0 | 50 | 82 | 106.00 | 2 | 5 |
| Science - Other Science | 0 | 3 | 0 | 0 | 30 | 74 | 83.00 | 3 | 3 |
| Social Science | 1 | 1 | 0 | 0 | 25 | 38 | 75.50 | 2 | 2 |
| Religion | 0 | 3 | 2 | 2 | 20 | 98 | 117.33 | 1 | 3 |
| Geography | 1 | 0 | 0 | 0 | 15 | 53 | 53.00 | 1 | 1 |
| Science - Biology | 0 | 2 | 1 | 0 | 15 | 54 | 74.50 | 1 | 2 |
| Fine Arts - Other Fine Arts | 1 | 0 | 0 | 0 | 15 | 37 | 37.00 | 1 | 1 |
| Current Events | 0 | 1 | 0 | 0 | 10 | 90 | 90.00 | 1 | 1 |
| Fine Arts - Visual Fine Arts | 0 | 1 | 0 | 0 | 10 | 104 | 104.00 | 1 | 1 |
| Philosophy | 0 | 1 | 0 | 0 | 10 | 97 | 97.00 | 1 | 1 |
| Science - Chemistry | 0 | 1 | 1 | 0 | 5 | 124 | 124.00 | 0 | 1 |
| History - European History | 0 | 1 | 1 | 0 | 5 | 94 | 94.00 | 0 | 1 |
| Pop Culture | 0 | 0 | 1 | 0 | -5 | 0.00 | 0 | 0 | |
| Mythology | 0 | 0 | 1 | 0 | -5 | 0.00 | 0 | 0 |